00678cam a22001932 4500001001100000005001700011008004100028020002200069040001500091100003400106245010900140250001300249260005500262300001900317650003900336650003300375650004000408700003600448000000535920151217145824.0071023s xx 000 0 eng d a156308693x :cKES aKABUcKABU1 aOsborne, Larry N.@000015663010aSystems analysis for librarians and information professionals /cLarry N. Osborne and Margaret Nakamura. a2nd ed. aEnglewood, Colorado :bLibraries Unlimited,c1999. axviii, 261 p. 0aLibrariesxAutomation.@0000156628 0aSystem analysis.@0000148439 0aLibrary administration.@00001566191 aNakamura, Margaret.@0000156631